000
00209 a2200097 4500
001
1153
100
_a
Nelkon, M.
245
_a
Adv level magnitism and electricity
260
_a
_b
Arnold
_c
090
_c
715
_d
715
942
_a
NUST-CAE
_c
M
_c
33767
999
_c
236226
_d
236226